The Statesman's Yearbook 2018 The Politics, Cultures and Economies of the World /

THE STATESMAN'S YEARBOOK 2018 This classic reference work presents a political, economic and social account of every country of the world together with facts and analysis. The 2018 edition includes: Revised and updated biographical profiles of all current leaders Extensive updates to country ec...

Πλήρης περιγραφή

Λεπτομέρειες βιβλιογραφικής εγγραφής
Συγγραφή απο Οργανισμό/Αρχή: SpringerLink (Online service)
Άλλοι συγγραφείς: Palgrave Macmillan (Επιμελητής έκδοσης, http://id.loc.gov/vocabulary/relators/edt)
Μορφή: Ηλεκτρονική πηγή Ηλ. βιβλίο
Γλώσσα:English
Έκδοση: London : Palgrave Macmillan UK : Imprint: Palgrave Macmillan, 2018.
Έκδοση:1st ed. 2018.
Σειρά:The Statesman's Yearbook,
Θέματα:
Διαθέσιμο Online:Full Text via HEAL-Link
LEADER 02967nam a2200445 4500
001 978-1-349-70154-4
003 DE-He213
005 20190726121741.0
007 cr nn 008mamaa
008 180330s2018 xxk| s |||| 0|eng d
020 |a 9781349701544  |9 978-1-349-70154-4 
024 7 |a 10.1007/978-1-349-70154-4  |2 doi 
040 |d GrThAP 
050 4 |a JA1-92 
072 7 |a JP  |2 bicssc 
072 7 |a POL000000  |2 bisacsh 
072 7 |a JP  |2 thema 
082 0 4 |a 320  |2 23 
245 1 4 |a The Statesman's Yearbook 2018  |h [electronic resource] :  |b The Politics, Cultures and Economies of the World /  |c edited by Palgrave Macmillan. 
250 |a 1st ed. 2018. 
264 1 |a London :  |b Palgrave Macmillan UK :  |b Imprint: Palgrave Macmillan,  |c 2018. 
300 |a 4 illus. in color. eReference.  |b online resource. 
336 |a text  |b txt  |2 rdacontent 
337 |a computer  |b c  |2 rdamedia 
338 |a online resource  |b cr  |2 rdacarrier 
347 |a text file  |b PDF  |2 rda 
490 1 |a The Statesman's Yearbook,  |x 0081-4601 
520 |a THE STATESMAN'S YEARBOOK 2018 This classic reference work presents a political, economic and social account of every country of the world together with facts and analysis. The 2018 edition includes: Revised and updated biographical profiles of all current leaders Extensive updates to country economic overviews Expanded and updated historical introductions Chronology of key political events from April 2016 to March 2017 Comprehensive coverage of major international organizations 2016 in 1,000 words - a summary of the key events that dominated the world during the year SPECIAL FEATURE: The Rise and Rise of Populism by Barry Turner NEW: Statistics on access to clean water worldwide NEW: Population projections for every country in 2020 DID YOU KNOW? China overtook Germany as the country with the highest solar energy generating capacity in 2015 Estonia was the first country to use internet voting at a national election, for its 2007 parliamentary election In the 2016 presidential election in Palau, Tommy Remengesau Jr defeated his brother-in-law Surangel Whipps Jr In Papua New Guinea, 60% of the population does not have access to safe water The capital of New York State is not New York City, but Albany. 
650 0 |a Political science. 
650 1 4 |a Political Science and International Relations, general.  |0 http://scigraph.springernature.com/things/product-market-codes/900000 
700 1 |a Palgrave Macmillan.  |e editor.  |4 edt  |4 http://id.loc.gov/vocabulary/relators/edt 
710 2 |a SpringerLink (Online service) 
773 0 |t Springer Nature eReference 
776 0 8 |i Printed edition:  |z 9781137508522 
776 0 8 |i Printed edition:  |z 9781349701568 
776 0 8 |i Printed edition:  |z 9781349701551 
830 0 |a The Statesman's Yearbook,  |x 0081-4601 
856 4 0 |u https://doi.org/10.1007/978-1-349-70154-4  |z Full Text via HEAL-Link 
912 |a ZDB-2-POS 
950 |a Political Science and International Studies (Springer-41174)